000 00506nam a22001697a 4500
005 20250424085044.0
008 250424b |||||||| |||| 00| 0 eng d
020 _a9789381969625
082 _222
_a301
100 _aR0y, Arunthathi
245 _aVedukkilikaali ootruk kadal
_bIn Alippu, Maruppu, Kondaatam
250 _a3rd
260 _aNagercoil
_bKalachuvadu Publication
_c2016
300 _a127 p .,
500 _aTranslation of selected articles from ' Listening to Grasshoppers" Essays
942 _cL
999 _c6024
_d6024